000 00716nam a2200253Ia 4500
003 OSt
005 20220928110119.0
006 a|||||r|||| 00| 0
007 ta
008 220927b |||||||| |||| 00| 0 hin d
020 _cINR 800.00
024 _a137246
037 _b95, 26/02/2018, Kiran Book Service
_cTextual
040 _aSDCL
_cSDCL
_bhin
041 _2hin
_ahin
082 _aO157,3M76,5, Q5
100 _aChandra Sarat
_9418169
245 0 _aCharitraheen
260 _aDelhi
_bPunit Books
_c2015
300 _a432p.
_ccm.
650 _aHindi
_9391598
942 _hO157,3M76,5, Q5
_cTEXL
_2CC
999 _c734184
_d734184